Mi-Metsadah ʻad Ramot-Naftali : (Record no. 33838)

MARC details
000 -LEADER
fixed length control field 00900cam a22002531 4500
001 - CONTROL NUMBER
control field he 68003261
003 - CONTROL NUMBER IDENTIFIER
control field DLC
005 - DATE AND TIME OF LATEST TRANSACTION
control field 20260227111505.0
008 - FIXED-LENGTH DATA ELEMENTS--GENERAL INFORMATION
fixed length control field 881027s1967 is a 000 0 eng
010 ## - LIBRARY OF CONGRESS CONTROL NUMBER
LC control number he 68003261
035 ## - SYSTEM CONTROL NUMBER
System control number (OCoLC)18675440
040 ## - CATALOGING SOURCE
Original cataloging agency DLC
Transcribing agency TxHU
Modifying agency FU
-- DLC
042 ## - AUTHENTICATION CODE
Authentication code premarc
050 00 - LIBRARY OF CONGRESS CALL NUMBER
Classification number DS126
Item number .Y6
100 1# - MAIN ENTRY--PERSONAL NAME
Personal name Yoffe, Uri.
245 10 - TITLE STATEMENT
Title Mi-Metsadah ʻad Ramot-Naftali :
Remainder of title sheloshah pirḳe Palmaḥ /
Statement of responsibility, etc. Ure Yaeh ; rashmah ṿe-ʻibdah Galyah Yardeni.
260 ## - PUBLICATION, DISTRIBUTION, ETC.
Place of publication, distribution, etc. Yerushalaim :
Name of publisher, distributor, etc. ha-Maḥlḳah le-hịnukh ule-tarbut ba-golah shel ha-histadrut ha-tsiyonit ha-ʻolamit,
Date of publication, distribution, etc. 1967.
300 ## - PHYSICAL DESCRIPTION
Extent 114 p. :
Other physical details ill. ;
Dimensions 19 cm.
490 1# - SERIES STATEMENT
Series statement Gesher : sifronim beʻ-Ivrit kalah ;
Volume/sequential designation 23-24.
500 ## - GENERAL NOTE
General note Added t.p.: From Metzada to Ramot-Naftaly, by Uri Yoffe as told to Galia Yardeni.
610 20 - SUBJECT ADDED ENTRY--CORPORATE NAME
Corporate name or jurisdiction name as entry element Palmaḥ.
700 1# - ADDED ENTRY--PERSONAL NAME
Personal name Yardeni, Galia.
830 #0 - SERIES ADDED ENTRY--UNIFORM TITLE
Uniform title Gesher ;
Volume/sequential designation 23-24.

No items available.

Powered by Koha